| 000 | 01030nam0a22002291 4500 | ||
|---|---|---|---|
| 001 | rc\1148046 | ||
| 005 | 20260406192940.0 | ||
| 035 | _a(NLR Aleph) 006393797 | ||
| 090 |
_a5174042 _c5174042 |
||
| 100 | _a20041129d1980 |||y0rusy50 ca | ||
| 101 | 0 | _arus | |
| 102 | _aRU | ||
| 105 | _ay ||||||||| | ||
| 200 | 1 |
_aМетодические материалы по расчету показателей чистой продукции и образования фонда материального поощрения _fВсесоюз. совещ. руководителей произв. предприятий ДОСААФ СССР, 20-23 мая 1980 г. |
|
| 210 |
_aКаунас _aПренай _cБ. и. _d1980 |
||
| 215 |
_a31 с. _d20 |
||
| 712 | 0 | 2 |
_aДОСААФ СССР _bСовещ. руководителей произв. предприятий _eКаунас/Пренай _f1980 _9407235 _3RU\NLR\AUTH\889955570 |
| 801 | 0 |
_aRU _bNLR _gpsbo |
|
| 801 | 1 |
_aRU _bELAR _2rusmarc |
|
| 852 |
_aNLR _j80-4/24057 |
||
| 942 | _cBOOK | ||
| 980 | _aNB | ||